000 00574nam a2200205Ia 4500
003 GCL
008 140319s9999 xx 000 0 eng d
040 _aGCL /
_cGCL
082 0 4 _a621.56
_bK A
100 1 _aKHURMI, R.S.
245 1 0 _aA TEXT BOOK OF REFRIGERATION AND AIR-CONDITIONING /
_cKHURMI, R.S.
700 1 _aGUPTA, J.K.
260 _a[S.N] :
_bEURASIA PUBLISHING HOUSE(PVT.) LTD ،
_c1994
300 _a729 P
650 0 4 _aMECHANICS ENGINEERING
650 0 4 _aELECTRIC ENGINEERING
650 0 4 _aREFRIGERATION
650 0 4 _aAIR - CONDITION
942 _2ddc
_cBK
999 _c19799
_d19799